ბათუმის შოთა რუსთაველის სახელმწიფო უნივერსიტეტის ბიბლიოთეკა

ოპერაციული ოდონტოლოგია ნაწ. 1 / (ბიბ.ჩანაწერი № 38638)

000 -ლიდერი
ფიქსირებული სიგრძის საკონტროლო ველი 01039nam a2200253Ia 4500
001 - საკონტროლო ნომერი
საკონტროლო ველი 4840
003 - საკონტროლო ნომრის იდენტიფიკატორი
საკონტროლო ველი GE_BSU
005 - ბოლო ოპერაციის თარიღი და დრო
საკონტროლო ველი 20190808104251.0
008 - ფიქსირებული სიგრძის მონაცემთა ელემენტები - ზოგადი ინფორმაცია
ფიქსირებული სიგრძის საკონტროლო ველი 181216s2011||||ge |||||||||||||| ||geo||
020 ## - წიგნის საერთაშორისო სტანდარტული ნომერი
International Standard Book Number 9789941028489
040 ## - კატალოგიზაციის წყარო
Transcribing agency GE_BSU
041 ## - ენის კოდი
Language code of text/sound track or separate title geo
080 ## - უნივერსალური ათობითი კლასიფიკაციის ინდექსი
Universal Decimal Classification number 616.314(075.8) მ-23
100 ## - მთავარი ჩანაწერი - პიროვნების სახელი
Personal name მამალაძე, მარინა
9 (RLIN) 3459
245 ## - ცნობა სათაურის შესახებ
Title ოპერაციული ოდონტოლოგია ნაწ. 1 /
Statement of responsibility, etc მარინა მამალაძე, ნინო კორსანტია, ლია სანოძე.
264 ## - წარმოების, გამოცემის, დისტრიბუციის და სხვა ცნობები
გამოცემის, წარმოების, დისტრიბუციის... ადგილი თბილისი :
გამოცემის, წარმოების, დისტრიბუციის... სახელწოდება ფავორიტი პრინტი ;
გამოცემის, წარმოების, დისტრიბუციის... თარიღი 2011.
300 ## - ფიზიკური აღწერა
Extent 311 გვ. :
Other physical details ილ. ;
Dimensions 24 სმ.
653 ## - INDEX TERM--UNCONTROLLED
Uncontrolled term მედიცინა
653 ## - INDEX TERM--UNCONTROLLED
Uncontrolled term ოპერაციული ოდონტოლოგია
700 ## - ADDED ENTRY--PERSONAL NAME
Personal name კორსანტია, ნინო
Relator term ავტორი
9 (RLIN) 3460
700 ## - ADDED ENTRY--PERSONAL NAME
Personal name სანოძე,ლია
Relator term ავტორი
9 (RLIN) 3461
942 ## - ADDED ENTRY ELEMENTS (KOHA)
Koha item type წიგნი
Source of classification or shelving scheme
ეგზემპლარები
ჩამოწერის სტატუსი დაკარგული ეგზემპლარის სტატუსი კლასიფიკაციის წყარო ან თაროზე გაწყობის სქემა დაზიანების სტატუსი არ გაიცემა მუდმივი მდებარეობა (დაცვის ადგილი) ამჟამინდელი ადგილსამყოფელი თაროზე განთავსების ადგილი შეძენის თარიღი ღირებულება, შესყიდვის ნორმალური ფასი სრული შენახვის შიფრი შტრიხკოდი ბოლო ოპერაციის თარიღი ეგზემპლარის მიმდევრობითი ნომერი (კეტერი?) ფასის ძალაში შესვლის თარიღი ეგზემპლარის სახეობა საჯარო შენიშვნა
          ბათუმის შოთა რუსთაველის სახელმწიფო უნივერსიტეტის მთავარი ბიბლიოთეკა ბათუმის შოთა რუსთაველის სახელმწიფო უნივერსიტეტის მთავარი ბიბლიოთეკა წიგნსაცავი 2018-12-17 105.00 616.314(075.8) მ-23 13176 2018-12-17 13176 2018-12-17 წიგნი 105 ლ.